Nepodliehajú vláde, len zákonu

Základné charakteristiky a štruktúra najvyšších kontrolných orgánov v jednotlivých štátoch sveta. Pôsobnosť a systém najvyšších kontrolných orgánov vo Švédsku, USA, a Veľkej Británíí.

Gespeichert in:
Bibliographische Detailangaben
1. Verfasser: Benčo, Jozef
Format: Buchkapitel
Sprache:Slowakisch
Schlagworte:
Tags: Tag hinzufügen
Keine Tags, Fügen Sie das erste Tag hinzu!

MARC

LEADER 00000naa a2200000 4500
001 r041845
005 20230927092639.4
041 0 |a slo 
044 |a SK 
245 1 0 |a Nepodliehajú vláde, len zákonu  |c Jozef Benčo 
520 |a Základné charakteristiky a štruktúra najvyšších kontrolných orgánov v jednotlivých štátoch sveta. Pôsobnosť a systém najvyšších kontrolných orgánov vo Švédsku, USA, a Veľkej Británíí. 
610 2 0 |a kontrola 
610 2 0 |a kontrolóri 
610 2 0 |a inštitúcie verejnoprávne 
610 2 0 |a orgány štátne 
610 2 0 |a Švédsko 
610 2 0 |a USA 
610 2 0 |a Veľká Británia 
100 1 |a Benčo, Jozef